US Presidents that share a last name - Statistics

General Stats
  • This quiz has been taken 16 times
  • The average score is 4 of 5
Answer Stats
Answer % Correct
Johnson
94%
Bush
88%
Roosevelt
88%
Adams
81%
Harrison
81%
No matching quizzes found
Score Distribution
Percent of People with Each Score
Percentile by Number Answered
Your Score History
You have not taken this quiz